Crónicas elementales / (Registro nro. 14809)

Detalles MARC
000 -LIDER
fixed length control field 02305nam a2200289 a 4500
001 - NÚMERO DE CONTROL
Identificador de número de control 000006770
003 - IDENTIFICACDOR DE NÚMERO DE CONTROL
control field DO-SdBNP
005 - DATE AND TIME OF LATEST TRANSACTION
control field 20240911122847.0
008 - ELEMENTOS DE LONGITUD FIJA
fixed length control field 090902t2003 dr 001 e spa d
020 ## - ISBN
International Standard Book Number 9993430420
040 ## - FUENTE DE CATALOGACIÓN
Agencia que crea de manera original el registro DO-SdBNP
Idioma de catalogación spa
Agencia que realiza la transcripción BPMSU
082 #4 - NÚMERO DE CLASIFICACIÓN DECIMAL DE DEWEY
Classification number RD864.44
Item number F677c 2003
Edition number 22
100 1# - ASIENTO PRINCIPAL -- NOMBRE PERSONAL
Nombre personal Font-bernard, R. A.,
Fechas asociadas con el nombre 1924-2006
245 10 - MENCIÓN DE TITULO
Título Crónicas elementales /
Mención de responsabilidad R. A. Font-bernard ; prólogo Enriquillo Sánchez.
260 ## - PUBLICACIÓN, DISTRIBUCIÓN, ETC. (PIE DE IMPRENTA)
Lugar de publicación, distribución, etc Santo Domingo, :
Nombre del editor, distribuidor, etc. Banco Central de la República Dominicana
Fecha de publicación, distribución, etc 2003
300 ## - DESCRIPCIÓN FÍSICA
Extensión 226 p. ;
Dimensiones 22 cm.
490 0# - MENCIÓN DE SERIES
Mención de serie Banco Central de la República Dominicana;
-- Arte literatura,
Volume/sequential designation 52
505 0# - NOTA DE CONTENIDO
Información miscelánea Carta prólogo /
Mención de responsabilidad Enriquillo Sánchez --
Título Las fabulaciones del descubrimiento --
-- Los cronistas de las Indias --
-- Unas precisiones --
-- De regia potestate --
-- La sobrecarga heredada --
-- La territoriedad mutilada --
-- Nosotros y el destino manifiesto --
-- Aguas arriba en la historia --
-- El espejo del pasado --
-- Trujillo y yo --
-- Redactores de discursos, proclamas y mensajes --
-- Para la historia --
-- La sensualidad en la Biblia --
-- En torno a la poesía erótica --
-- Poesía chapucera --
-- En torno a la letra eñe --
-- Chaqui, chaqui, chaqui, charaqui --
-- Entorno a las bastardías --
-- Patología política --
-- La casa de Bernarda Alba --
-- Rubén Darío y su creación poética --
-- Rubén Darío y la negritud --
-- En el centenario de Azul --
-- En el ocaso del boom novelístico --
-- Venturas y desventuras del Premio Nóbel de Literatura --
-- La vorágine --
-- José Martí poeta --
-- Los versos sencillos --
-- Ismaelillo --
-- Mujeres en la vida de José Martí --
-- Variaciones en el Manifiesto de Montecristi --
-- Cómo nos vieron Hostos y Martí --
-- Perón --
-- Vargas Vila --
-- Enrique Gómez Carrillo --
-- Juan Ramón Jiménez --
-- Francisco Villaespesa --
-- Don Américo Lugo --
-- P.H.U. --
-- Ramón Marrero Aristy --
-- Entre el tiempo y la distancia --
-- Tiempos dismitificadores --
-- Entrevistas imaginarias.
590 ## - NOTA LOCAL
Texto de la nota local Inventariado, 2024/VM
650 #4 - ENCABEZAMIENTO DE MATERIA--TEMÁTICO
Término temático o nombre geográfico como elemento de entrada Ensayos dominicanos
650 #4 - ENCABEZAMIENTO DE MATERIA--TEMÁTICO
Término temático o nombre geográfico como elemento de entrada Literatura dominicana.
651 #4 - ENCABEZAMIENTO DE MATERIA--NOMBRE GEOGRÁFICO
Nombre geográfico República Dominicana
Subdivisión temática general Historia
Subdivisión de forma Ensayos, conferencias, etc
700 1# - ASIENTO SECUNDARIO -- NOMBRE PERSONAL
Nombre personal Sánchez, Enriquillo,
Fechas asociadas con el nombre 1947-2004
Mención de responsabilidad prólogo
710 2# - ASIENTO SECUNDARIO -- NOMBRE CORPORATIVO
Nombre corporativo o de jurisdicción Banco Central de la República Dominicana
910 ## - VALIDACIÓN
Validación VMateo V. Control de calidad BPMSU
942 ## - ADDED ENTRY ELEMENTS (KOHA)
Source of classification or shelving scheme Dewey Decimal Classification
Koha item type Libros
Existencias
Withdrawn status Lost status Source of classification or shelving scheme Damaged status Not for loan Collection code Home library Current library Date acquired Source of acquisition Total Checkouts Full call number Barcode Date last seen Price effective from Koha item type
    Dewey Decimal Classification     Colección Dominicana Biblioteca Pública Metropolitana Salomé Ureña Biblioteca Pública Metropolitana Salomé Ureña 09/11/2024 Banco Central de la República Dominicana   BPMSU CD RD864.44 F677c 2003 BPMSU24090031 09/11/2024 09/11/2024 Libros